[Event "HZ Chess Tournament 2019"]
[Site "Vlissingen, Netherlands"]
[Date "2019.08.03"]
[Round "1.2"]
[White "L'Ami, Erwin"]
[Black "Van Dijkhuizen, Robbert"]
[Result "1-0"]
[WhiteElo "2622"]
[BlackElo "1845"]
[PlyCount "57"]
[EventType "tourn"]
[EventCountry "NED"]

1. d4 Nf6 2. c4 e6 3. Nf3 b6 4. g3 Ba6 5. Nbd2 Be7 6. e4 d5 7. cxd5 Bxf1 8.
Nxf1 exd5 9. e5 Ne4 10. Ne3 O-O 11. O-O Qd7 12. Ne1 f5 13. N1g2 Ng5 14. Nf4 c6
15. h4 Ne6 16. Nxe6 Qxe6 17. Ng2 Na6 18. Bg5 Bxg5 19. hxg5 Qe7 20. Qa4 Qb7 21.
Nf4 c5 22. Rad1 Nc7 23. Qb3 c4 24. Qf3 Rae8 25. Kg2 g6 26. Rh1 Re7 27. Rh6 Rff7
28. Re1 Qc6 29. Nh5 1-0

[Event "HZ Chess Tournament 2019"]
[Site "Vlissingen, Netherlands"]
[Date "2019.08.03"]
[Round "1.17"]
[White "Afek, Yochanan"]
[Black "Van Sonderen, Paul"]
[Result "1-0"]
[WhiteElo "2253"]
[BlackElo "1740"]
[PlyCount "59"]
[EventType "tourn"]
[EventCountry "NED"]

1. e4 e5 2. Nf3 Nc6 3. Nc3 d6 4. d4 exd4 5. Nxd4 Nf6 6. Be2 Be7 7. Be3 O-O 8.
O-O Ne5 9. f4 Neg4 10. Bc1 c6 11. h3 Nh6 12. g4 d5 13. e5 Ne4 14. Nxe4 dxe4 15.
f5 Bc5 16. c3 Qh4 17. Kg2 Bxd4 18. cxd4 b5 19. Be3 Bb7 20. g5 Kh8 21. gxh6 Rg8
22. Qe1 gxh6+ 23. Kh2 Qd8 24. Qf2 f6 25. exf6 Qxf6 26. d5 Qe5+ 27. Kh1 c5 28.
Rg1 Bxd5 29. Qf4 Qxb2 30. Qd6 1-0

[Event "HZ Chess Tournament 2019"]
[Site "Vlissingen, Netherlands"]
[Date "2019.08.03"]
[Round "1.18"]
[White "Markus, Gijs"]
[Black "Wunnink, Michael"]
[Result "0-1"]
[WhiteElo "1737"]
[BlackElo "2249"]
[PlyCount "53"]
[EventType "tourn"]
[EventCountry "NED"]

1. Nf3 Nf6 2. d4 d5 3. c4 e6 4. e3 b6 5. cxd5 exd5 6. Nc3 Bd6 7. Be2 O-O 8. Nb5
Be7 9. Qc2 c5 10. dxc5 bxc5 11. O-O Nc6 12. Bd2 a6 13. Na3 Ne4 14. Qd1 Bf6 15.
Bc1 Rb8 16. Bd3 Qe7 17. Qe2 Nb4 18. Bxe4 Qxe4 19. Nd2 Qg6 20. Kh1 Nd3 21. Nb3
Bf5 22. Rd1 Rfe8 23. Rd2 c4 24. Na5 c3 25. bxc3 Bxc3 26. Nb3 Bxa1 27. Nxa1 0-1

[Event "HZ Chess Tournament 2019"]
[Site "Vlissingen, Netherlands"]
[Date "2019.08.03"]
[Round "1.19"]
[White "Bezemer, Arno"]
[Black "Steijn, Sjaak"]
[Result "1-0"]
[WhiteElo "2245"]
[BlackElo "1734"]
[PlyCount "57"]
[EventType "tourn"]
[EventCountry "NED"]

1. e4 d6 2. d4 Nf6 3. Nc3 g6 4. f4 Bg7 5. Nf3 O-O 6. e5 Nfd7 7. Bc4 Nb6 8. Bb3
a5 9. a4 Na6 10. Ne4 Bf5 11. Ng3 Bg4 12. h3 Bxf3 13. Qxf3 c5 14. c3 cxd4 15.
cxd4 dxe5 16. dxe5 Nb4 17. O-O N6d5 18. Kh1 e6 19. Ne4 Qb6 20. Bd2 Rfd8 21. Nd6
Bf8 22. f5 Bxd6 23. fxg6 fxg6 24. Qf7+ Kh8 25. exd6 Qxd6 26. Bc3+ e5 27. Rfd1
Rac8 28. Bxb4 Qxb4 29. Bxd5 1-0

[Event "HZ Chess Tournament 2019"]
[Site "Vlissingen, Netherlands"]
[Date "2019.08.03"]
[Round "1.20"]
[White "Braun, Steven"]
[Black "Weber, Dirk"]
[Result "0-1"]
[WhiteElo "1733"]
[BlackElo "2227"]
[PlyCount "86"]
[EventType "tourn"]
[EventCountry "NED"]

1. e4 c5 2. Nf3 e6 3. c3 Nf6 4. e5 Nd5 5. d4 cxd4 6. cxd4 Nc6 7. Nc3 Nxc3 8.
bxc3 d6 9. Bf4 Qa5 10. Qd2 dxe5 11. Nxe5 Nxe5 12. Bxe5 Bd7 13. Rb1 Bc6 14. f3
Rc8 15. c4 Qxd2+ 16. Kxd2 Rd8 17. Ke3 f6 18. Bg3 Kf7 19. Bd3 g6 20. Be4 Bh6+
21. Kd3 Rd7 22. Kc3 Bg7 23. Bxc6 bxc6 24. Rhd1 Rhd8 25. Rb8 Rxb8 26. Bxb8 f5
27. Rd3 g5 28. h3 f4 29. Be5 Bxe5 30. dxe5 Rxd3+ 31. Kxd3 c5 32. h4 Kg6 33. Kc3
gxh4 34. Kb3 Kf5 35. Ka4 Kxe5 36. Kb5 Kd4 37. a4 e5 38. a5 e4 39. fxe4 f3 40.
gxf3 h3 41. Ka6 h2 42. Kxa7 h1=Q 43. a6 Qb1 0-1

[Event "HZ Chess Tournament 2019"]
[Site "Vlissingen, Netherlands"]
[Date "2019.08.03"]
[Round "1.21"]
[White "Stillger, Bernhard"]
[Black "De Feijter, Niels"]
[Result "1-0"]
[WhiteElo "2202"]
[BlackElo "1733"]
[PlyCount "45"]
[EventType "tourn"]
[EventCountry "NED"]

1. d4 c6 2. c4 d5 3. Nf3 Nf6 4. e3 Bf5 5. cxd5 cxd5 6. Qb3 Qc7 7. Bd2 e6 8.
Bb5+ Nbd7 9. O-O a6 10. Be2 Ne4 11. Rc1 Qb8 12. Bb4 Bd6 13. Bxd6 Nxd6 14. Ne5
f6 15. Nxd7 Kxd7 16. Nc3 Ke7 17. Na4 b5 18. Nc5 Ne4 19. Qa3 Qd6 20. Nxe4 Qxa3
21. bxa3 Bxe4 22. Rc7+ Kd6 23. Rac1 1-0

[Event "HZ Chess Tournament 2019"]
[Site "Vlissingen, Netherlands"]
[Date "2019.08.03"]
[Round "1.22"]
[White "Wastiaux, Roland"]
[Black "Baarslag, Ed"]
[Result "0-1"]
[WhiteElo "1727"]
[BlackElo "2193"]
[PlyCount "88"]
[EventType "tourn"]
[EventCountry "NED"]

1. d4 d5 2. Bf4 Nf6 3. e3 c5 4. Nd2 Nc6 5. c3 cxd4 6. exd4 Bf5 7. Ngf3 e6 8.
Qb3 Qc7 9. Be2 h6 10. O-O Be7 11. Rac1 O-O 12. h3 Qd7 13. Bb5 Bd6 14. Ne5 Qc7
15. Rfe1 Na5 16. Qd1 a6 17. Ba4 b5 18. Bc2 Bxc2 19. Rxc2 Nc4 20. Qf3 Nxd2 21.
Bxd2 Nd7 22. Bf4 Bxe5 23. dxe5 Qa5 24. Qg3 Kh7 25. Qd3+ Kh8 26. Qe3 Kh7 27.
Qd3+ g6 28. h4 h5 29. Qe3 Qb6 30. Qg3 Rh8 31. Qg5 Qd8 32. Qg3 Rc8 33. Rd2 Rc4
34. Rd4 Kg7 35. Bg5 Qc7 36. Qf4 Rh7 37. Re3 Kf8 38. Rf3 Nxe5 39. Rg3 Ng4 40.
Rxg4 hxg4 41. Qxg4 Qe5 42. Rxc4 bxc4 43. g3 Qe1+ 44. Kg2 f5 0-1

[Event "HZ Chess Tournament 2019"]
[Site "Vlissingen, Netherlands"]
[Date "2019.08.03"]
[Round "1.23"]
[White "Cordes, Hans-Joerg"]
[Black "Freeke, Kees"]
[Result "1-0"]
[WhiteElo "2178"]
[BlackElo "1723"]
[PlyCount "61"]
[EventType "tourn"]
[EventCountry "NED"]

1. d4 d5 2. Nf3 e6 3. c4 c5 4. cxd5 exd5 5. Nc3 Nf6 6. Bg5 Be7 7. dxc5 Be6 8.
Rc1 O-O 9. e3 Nc6 10. Bd3 Bxc5 11. O-O Be7 12. Bb1 h6 13. Bh4 Qd7 14. Qd3 g6
15. Nd4 Nxd4 16. Qxd4 g5 17. Bg3 Nh5 18. Be5 f5 19. Rfd1 Nf6 20. a3 a6 21. Na4
Qe8 22. Nb6 Rd8 23. Bc7 Rf7 24. Qe5 Bd7 25. Bxd8 Qxd8 26. Nxd5 Ng4 27. Nxe7+
Rxe7 28. Qd5+ Kg7 29. Bxf5 Nf6 30. Qd6 Qa5 31. Qxe7+ 1-0

[Event "HZ Chess Tournament 2019"]
[Site "Vlissingen, Netherlands"]
[Date "2019.08.03"]
[Round "1.24"]
[White "Hng, Mei-Xian Eunice"]
[Black "Mesman, Edwyn"]
[Result "0-1"]
[WhiteElo "1719"]
[BlackElo "2172"]
[PlyCount "66"]
[EventType "tourn"]
[EventCountry "NED"]

1. e4 c6 2. d4 d5 3. e5 Bf5 4. h4 h5 5. c4 e6 6. Nc3 Ne7 7. Bg5 Qb6 8. Bxe7
Bxe7 9. Qd2 dxc4 10. Bxc4 Nd7 11. O-O-O O-O-O 12. Qe3 Qb4 13. Bd3 Bxd3 14. Rxd3
Nb6 15. Nf3 Rd7 16. Rhd1 Rhd8 17. Qe2 Kb8 18. Kb1 Nc4 19. Ne4 Qb5 20. Ka1 Nb6
21. Nc3 Qc4 22. Nd2 Qa6 23. Nb3 g6 24. g3 Ka8 25. Qf3 Nc4 26. Qf4 Bb4 27. Ne4
Qb5 28. Nf6 Rc7 29. Qf3 a5 30. Qe2 a4 31. Nc5 a3 32. b3 Nb2 33. Qe3 Nxd1 0-1

[Event "HZ Chess Tournament 2019"]
[Site "Vlissingen, Netherlands"]
[Date "2019.08.03"]
[Round "1.25"]
[White "Van Baar, Esper"]
[Black "Ruben, Erik"]
[Result "1-0"]
[WhiteElo "2171"]
[BlackElo "1707"]
[PlyCount "51"]
[EventType "tourn"]
[EventCountry "NED"]

1. e4 c5 2. Nf3 Nc6 3. c3 d6 4. d4 cxd4 5. cxd4 e6 6. Nc3 Be7 7. Be2 Nf6 8. O-O
O-O 9. Be3 b6 10. Rc1 Bb7 11. h3 Rc8 12. Bd3 h6 13. Re1 a6 14. Bb1 b5 15. e5
dxe5 16. dxe5 Qxd1 17. Rexd1 Nh7 18. Rd7 Ba8 19. Ne4 Rfd8 20. Rxd8+ Bxd8 21.
Nd6 Rb8 22. Be4 Nb4 23. Ba7 Nxa2 24. Rc5 Bb6 25. Bxb8 Bxc5 26. Bxa8 1-0

[Event "HZ Chess Tournament 2019"]
[Site "Vlissingen, Netherlands"]
[Date "2019.08.03"]
[Round "1.26"]
[White "Hofstee, Piet"]
[Black "De Wilde, Rik"]
[Result "0-1"]
[WhiteElo "1706"]
[BlackElo "2169"]
[PlyCount "74"]
[EventType "tourn"]
[EventCountry "NED"]

1. d4 e6 2. e4 d5 3. exd5 exd5 4. Nf3 Nc6 5. Bd3 Bg4 6. c3 Bd6 7. O-O Nge7 8.
Re1 Qd7 9. Nbd2 O-O 10. Qc2 Bf5 11. Nf1 Bxd3 12. Qxd3 Ng6 13. Ng3 Nce7 14. Ne5
Qc8 15. Bd2 c5 16. f4 Qc7 17. Nf5 Nxf5 18. Qxf5 Ne7 19. Qg4 Nc6 20. Be3 Rae8
21. dxc5 Nxe5 22. fxe5 Bxe5 23. g3 Re6 24. Bd4 Rfe8 25. Bf2 h6 26. Rad1 Bf6 27.
Rxe6 fxe6 28. Qa4 Ra8 29. Qg4 Qc6 30. Re1 e5 31. Be3 Re8 32. Qf3 d4 33. Qxc6
bxc6 34. Bc1 dxc3 35. bxc3 Rd8 36. Bb2 Rd2 37. Ra1 Rxb2 0-1

[Event "HZ Chess Tournament 2019"]
[Site "Vlissingen, Netherlands"]
[Date "2019.08.03"]
[Round "1.27"]
[White "Timmermans, Ivo"]
[Black "Brouwer, Willem"]
[Result "1-0"]
[WhiteElo "2168"]
[BlackElo "1705"]
[PlyCount "53"]
[EventType "tourn"]
[EventCountry "NED"]

1. e4 e5 2. Nf3 Nc6 3. Bb5 a6 4. Ba4 Nf6 5. O-O b5 6. Bb3 h6 7. c3 d6 8. Re1
Na5 9. Bc2 c5 10. h3 Nc6 11. d3 Be7 12. Nbd2 O-O 13. Nf1 Qc7 14. Ng3 Be6 15.
Qe2 Rfe8 16. Bd2 Bf8 17. Nh2 d5 18. Qf3 Rad8 19. Bxh6 Nxe4 20. dxe4 gxh6 21.
exd5 Rxd5 22. Ng4 Bg7 23. Nh5 Bxg4 24. Qxg4 f5 25. Nf6+ Kf8 26. Nxd5 Qf7 27.
Qxf5 1-0

[Event "HZ Chess Tournament 2019"]
[Site "Vlissingen, Netherlands"]
[Date "2019.08.03"]
[Round "1.28"]
[White "Alberts, Henk"]
[Black "Stange, Sven"]
[Result "0-1"]
[WhiteElo "1702"]
[BlackElo "2167"]
[PlyCount "48"]
[EventType "tourn"]
[EventCountry "NED"]

1. Nf3 Nf6 2. g3 d5 3. d4 e6 4. Bg2 Be7 5. O-O O-O 6. c4 dxc4 7. Ne5 Nc6 8.
Nxc6 bxc6 9. Bxc6 Rb8 10. Bg2 Ba6 11. Nc3 Qd7 12. e4 Rfd8 13. e5 Nd5 14. Re1
Nb4 15. Be4 Qxd4 16. Bxh7+ Kxh7 17. Qh5+ Kg8 18. Re4 Qd3 19. Bg5 Bxg5 20. Qxg5
Bb7 21. Rg4 Qh7 22. Rxc4 Nc2 23. Rc1 Nd4 24. Rxd4 Rxd4 0-1

[Event "HZ Chess Tournament 2019"]
[Site "Vlissingen, Netherlands"]
[Date "2019.08.03"]
[Round "1.29"]
[White "Lacrosse, Marc"]
[Black "Van de Laar, Andre"]
[Result "1-0"]
[WhiteElo "2160"]
[BlackElo "1699"]
[PlyCount "81"]
[EventType "tourn"]
[EventCountry "NED"]

1. d4 Nf6 2. c4 g6 3. Nc3 Bg7 4. e4 d6 5. Be2 O-O 6. Be3 b6 7. Nf3 c5 8. d5 Ng4
9. Bd2 f5 10. Ng5 Nf6 11. exf5 Bxf5 12. O-O Na6 13. Re1 Nc7 14. Bf3 Re8 15. Qe2
Qd7 16. Ne6 Rab8 17. g4 Bxe6 18. dxe6 Qd8 19. g5 Nh5 20. Bxh5 gxh5 21. Qxh5 Rf8
22. Re4 Qe8 23. Qxe8 Rbxe8 24. Kg2 Rf5 25. Rae1 Ref8 26. f4 Be5 27. fxe5 Rf2+
28. Kg3 Rxd2 29. exd6 Rxd6 30. h4 Rd2 31. R1e2 Rd3+ 32. R2e3 Rd2 33. b3 Rd4 34.
a4 a5 35. Ne2 Rd1 36. Rf4 Rd6 37. Rxf8+ Kxf8 38. Nf4 Kg7 39. Kg4 Rd4 40. Kf3
Rd1 41. Rd3 1-0

[Event "HZ Chess Tournament 2019"]
[Site "Vlissingen, Netherlands"]
[Date "2019.08.03"]
[Round "1.30"]
[White "Burg, Henk"]
[Black "Duchene, Rene"]
[Result "0-1"]
[WhiteElo "1698"]
[BlackElo "2157"]
[PlyCount "78"]
[EventType "tourn"]
[EventCountry "NED"]

1. e4 e6 2. d4 d5 3. Nd2 c5 4. c3 cxd4 5. cxd4 Nc6 6. exd5 exd5 7. Ngf3 Nf6 8.
Bd3 Bd6 9. O-O O-O 10. Re1 Re8 11. a3 a5 12. b3 Bg4 13. h3 Bh5 14. Bb2 Qb6 15.
Qc2 Rac8 16. Rxe8+ Rxe8 17. Kf1 Qd8 18. Re1 Rxe1+ 19. Nxe1 Qe7 20. Qc1 Bf4 21.
Qc2 Bd6 22. Qc1 Nd7 23. Ndf3 Nf8 24. Be2 Bg6 25. Bd3 Be4 26. Nd2 Bxd3+ 27. Nxd3
Ne6 28. Nf3 h6 29. g3 Qf6 30. Qe3 Ne7 31. Nfe5 Qf5 32. g4 Qf6 33. Nd7 Qh4 34.
Kg2 Ng6 35. N7e5 Qf6 36. f4 Ngxf4+ 37. Nxf4 Qxf4 38. Qxf4 Nxf4+ 39. Kg3 Nd3 0-1

[Event "HZ Chess Tournament 2019"]
[Site "Vlissingen, Netherlands"]
[Date "2019.08.03"]
[Round "1.31"]
[White "Zevenhuizen, Daniel"]
[Black "Muenk, Johannes"]
[Result "1-0"]
[WhiteElo "2152"]
[BlackElo "1697"]
[PlyCount "77"]
[EventType "tourn"]
[EventCountry "NED"]

1. Nf3 d5 2. c4 e6 3. g3 g6 4. d4 Bg7 5. Bg2 Ne7 6. h4 h5 7. Bg5 Nbc6 8. e3 O-O
9. Nbd2 Bd7 10. Qb3 Be8 11. cxd5 exd5 12. O-O b6 13. Rfc1 Qd6 14. Bf4 Qd8 15.
Rc2 Na5 16. Qa3 c6 17. Rac1 Rc8 18. b4 Nb7 19. Qxa7 Nd6 20. Qa3 Nb5 21. Qb3 Nf5
22. a4 Nbd6 23. Ne5 Ne7 24. b5 cxb5 25. Rxc8 Ndxc8 26. axb5 Na7 27. Bf1 Nac8
28. Nc6 Qd7 29. Nf3 f6 30. Bg2 Bf7 31. Kh2 Kh7 32. Bh3 Nf5 33. Nb8 Qe6 34. Rc6
Qe4 35. Nd2 Qe8 36. Na6 Nfe7 37. Nc7 Qd8 38. Ne6 Qe8 39. Nxf8+ 1-0

[Event "HZ Chess Tournament 2019"]
[Site "Vlissingen, Netherlands"]
[Date "2019.08.03"]
[Round "1.32"]
[White "Kogeler, Aart"]
[Black "Sparenberg, Erik"]
[Result "0-1"]
[WhiteElo "1690"]
[BlackElo "2146"]
[PlyCount "82"]
[EventType "tourn"]
[EventCountry "NED"]

1. d4 Nf6 2. c4 g6 3. Nc3 Bg7 4. e4 d6 5. Be2 O-O 6. Nf3 e5 7. O-O Nc6 8. d5
Ne7 9. Ne1 Ne8 10. Nd3 f5 11. f3 b6 12. b4 a5 13. Be3 axb4 14. Nxb4 Nf6 15. Bd3
f4 16. Bf2 g5 17. Be2 Rf7 18. Nb5 h5 19. Kh1 Bh6 20. a4 Rg7 21. Rg1 g4 22. Bh4
Bg5 23. Bxg5 Rxg5 24. Ra3 g3 25. h3 Bd7 26. Rc3 Qc8 27. Bf1 Ng6 28. Nd3 Nh4 29.
Qc2 Rg7 30. Ra3 Kh8 31. Ra2 Nh7 32. Qe2 Ng5 33. Ne1 Nxg2 34. Bxg2 Bxh3 35. Nc3
h4 36. Bf1 Bd7 37. Ng2 Rh7 38. Nxf4 exf4 39. e5 Bf5 40. Ne4 Bxe4 41. fxe4 dxe5
0-1

[Event "HZ Chess Tournament 2019"]
[Site "Vlissingen, Netherlands"]
[Date "2019.08.03"]
[Round "1.33"]
[White "Mijnster, Niels"]
[Black "Bartels, Simon"]
[Result "1-0"]
[WhiteElo "2139"]
[BlackElo "1686"]
[PlyCount "38"]
[EventType "tourn"]
[EventCountry "NED"]

1. d4 d5 2. Bf4 e6 3. e3 Nf6 4. Nd2 c5 5. c3 Nc6 6. Ngf3 Be7 7. h3 O-O 8. Bd3
h6 9. O-O a6 10. Ne5 Nxe5 11. dxe5 Nd7 12. Qh5 Bg5 13. Bh2 g6 14. Bxg6 fxg6 15.
Qxg6+ Kh8 16. f4 Nxe5 17. Qh5 Rg8 18. fxg5 Rxg5 19. Bxe5+ Kh7 1-0

[Event "HZ Chess Tournament 2019"]
[Site "Vlissingen, Netherlands"]
[Date "2019.08.03"]
[Round "1.34"]
[White "Schakel, Tijmen"]
[Black "Elgersma, Simon"]
[Result "0-1"]
[WhiteElo "1683"]
[BlackElo "2128"]
[PlyCount "42"]
[EventType "tourn"]
[EventCountry "NED"]

1. e4 c6 2. d4 d5 3. exd5 cxd5 4. Nc3 Nc6 5. Nf3 Bg4 6. Be2 e6 7. O-O Bd6 8.
Be3 Nge7 9. Nd2 Bxe2 10. Nxe2 Nf5 11. c3 Qc7 12. g3 f6 13. Nf4 Qf7 14. Re1 O-O
15. Qf3 g6 16. Nf1 Nce7 17. Nd3 e5 18. dxe5 fxe5 19. Qe2 e4 20. Nc5 Nxe3 21.
Qxe3 Nf5 0-1

[Event "HZ Chess Tournament 2019"]
[Site "Vlissingen, Netherlands"]
[Date "2019.08.03"]
[Round "1.35"]
[White "Wagenvoorde, Guido"]
[Black "Roeth, Alexander"]
[Result "1-0"]
[WhiteElo "2128"]
[BlackElo "1680"]
[PlyCount "67"]
[EventType "tourn"]
[EventCountry "NED"]

1. d4 d5 2. c4 e6 3. Nc3 Nf6 4. cxd5 exd5 5. Bg5 Be7 6. e3 O-O 7. Bd3 c6 8.
Nge2 b6 9. O-O Ba6 10. Qc2 Bxd3 11. Qxd3 Nbd7 12. Rae1 Re8 13. f3 h6 14. Bh4
Rc8 15. Bf2 Nf8 16. e4 dxe4 17. fxe4 Ne6 18. Rd1 Bf8 19. Bh4 Be7 20. Qf3 Rf8
21. d5 cxd5 22. exd5 Ng5 23. Bxg5 hxg5 24. Kh1 Bc5 25. Qf5 g4 26. Ng3 Qd7 27.
Qg5 Nh7 28. Qf4 Nf6 29. Nf5 Rfe8 30. Nxg7 Kxg7 31. Qxf6+ Kf8 32. Qh8+ Ke7 33.
d6+ Bxd6 34. Qf6+ 1-0

[Event "HZ Chess Tournament 2019"]
[Site "Vlissingen, Netherlands"]
[Date "2019.08.03"]
[Round "1.36"]
[White "Silkaitis, Laimis"]
[Black "Zwirs, Jasper"]
[Result "1-0"]
[WhiteElo "1678"]
[BlackElo "2110"]
[PlyCount "91"]
[EventType "tourn"]
[EventCountry "NED"]

1. d4 d5 2. c4 c6 3. cxd5 cxd5 4. Bf4 Nf6 5. Nc3 g6 6. e3 Bg7 7. Bd3 a6 8. h3
Nc6 9. Nf3 O-O 10. O-O b5 11. a3 Bb7 12. b4 Rc8 13. Rc1 Qb6 14. Qe2 Rfd8 15.
Rc2 e6 16. Re1 Ne8 17. Nd2 Nd6 18. Bxd6 Rxd6 19. Nb3 e5 20. dxe5 Nxe5 21. Nc5
Nc4 22. Bxc4 dxc4 23. N3e4 Bxe4 24. Nxe4 Rd5 25. Rd1 Rcd8 26. Rxd5 Rxd5 27. Qf3
Qd8 28. Nc5 Bf8 29. Rc1 Rf5 30. Rd1 Qc7 31. Qa8 Kg7 32. Rd7 Qe5 33. Ne4 Qe6 34.
Rd8 Be7 35. Rg8+ Kh6 36. Ng3 Rd5 37. Rh8 Bf6 38. Re8 Rd1+ 39. Kh2 Qd5 40. Qb8
Qd6 41. Qc8 c3 42. f4 Qd3 43. Rg8 Bd8 44. Qc5 Qd6 45. Qh5+ gxh5 46. Nf5# 1-0

[Event "HZ Chess Tournament 2019"]
[Site "Vlissingen, Netherlands"]
[Date "2019.08.03"]
[Round "1.37"]
[White "Merbis, Max"]
[Black "Norden, Marc"]
[Result "1-0"]
[WhiteElo "2103"]
[BlackElo "1677"]
[PlyCount "77"]
[EventType "tourn"]
[EventCountry "NED"]

1. d4 d5 2. c4 c6 3. Nf3 Nf6 4. e3 e6 5. b3 Nbd7 6. Bb2 a6 7. Bd3 dxc4 8. bxc4
b5 9. O-O Bb7 10. Nbd2 Be7 11. Qe2 O-O 12. Rfd1 Re8 13. e4 Qc7 14. Rdc1 Qb6 15.
e5 Nh5 16. c5 Qd8 17. Qe3 g6 18. Ne4 Rb8 19. Re1 f5 20. exf6 Ndxf6 21. Nxf6+
Bxf6 22. g4 Ng7 23. Ne5 Bg5 24. f4 Bf6 25. Qh3 Bxe5 26. Rxe5 Rf8 27. Qe3 Qf6
28. Rf1 Rbe8 29. Be4 Qd8 30. Rg5 Qf6 31. Rf2 Rf7 32. h4 Ref8 33. d5 Qd8 34. d6
Qa5 35. h5 Qd8 36. hxg6 hxg6 37. Rxg6 Qh4 38. Rh2 Qd8 39. Qh3 1-0

[Event "HZ Chess Tournament 2019"]
[Site "Vlissingen, Netherlands"]
[Date "2019.08.03"]
[Round "1.38"]
[White "Schlaebitz, Joel"]
[Black "Coenen, Eduard"]
[Result "0-1"]
[WhiteElo "1670"]
[BlackElo "2101"]
[PlyCount "85"]
[EventType "tourn"]
[EventCountry "NED"]

1. e4 g6 2. d4 Bg7 3. c4 d6 4. Nc3 Nc6 5. Be3 e5 6. d5 Nce7 7. Bd3 f5 8. f3 Nf6
9. Nge2 O-O 10. O-O f4 11. Bf2 g5 12. b4 g4 13. c5 Qe8 14. Nb5 gxf3 15. gxf3
Bh3 16. Kh1 Bxf1 17. Qxf1 Qd7 18. Rc1 a6 19. cxd6 cxd6 20. Nc7 Rac8 21. Bb6 Qa4
22. Qh3 Qxb4 23. Qe6+ Rf7 24. Bc5 Qd2 25. Bxd6 Qxd3 26. Ng1 Qd2 27. Bxe7 Qxc1
28. Qxc8+ Bf8 29. d6 Qc6 30. Bxf6 Qxd6 31. Qg4+ Bg7 32. Ne6 h5 33. Qxh5 Qxe6
34. Bxg7 Rxg7 35. Nh3 Qg6 36. Qxg6 Rxg6 37. Nf2 Rb6 38. Ng4 Rb2 39. h4 Rxa2 40.
h5 a5 41. h6 a4 42. Nf6+ Kh8 43. h7 0-1

[Event "HZ Chess Tournament 2019"]
[Site "Vlissingen, Netherlands"]
[Date "2019.08.03"]
[Round "1.39"]
[White "Van Liempt, Michael"]
[Black "Rutte, Edwin"]
[Result "1-0"]
[WhiteElo "2091"]
[BlackElo "1663"]
[PlyCount "105"]
[EventType "tourn"]
[EventCountry "NED"]

1. e4 e5 2. Nf3 Nc6 3. d4 d6 4. Bb5 exd4 5. Nxd4 Bd7 6. O-O Nxd4 7. Bxd7+ Qxd7
8. Qxd4 f6 9. Nc3 Ne7 10. Be3 a6 11. Rad1 Nc6 12. Qd5 Rb8 13. f4 Qf7 14. Qd2
Qe6 15. Nd5 Rc8 16. f5 Qd7 17. Qe2 Ne5 18. c4 h5 19. Bd4 Qf7 20. b3 Be7 21. Nf4
g5 22. Ne6 Nc6 23. Bc3 Nd8 24. Nxg5 Qg8 25. Nh3 Nf7 26. Nf4 h4 27. Ng6 Rh7 28.
Qb2 Qg7 29. c5 Ne5 30. Bxe5 dxe5 31. Qc2 h3 32. g3 Rh5 33. Qc4 Qf7 34. Qxf7+
Kxf7 35. Rd7 Re8 36. Rxc7 Rh7 37. Rxb7 Kg8 38. Nxe7+ Rhxe7 39. Rxe7 Rxe7 40.
Rc1 Rc7 41. b4 Kf7 42. a4 Ke7 43. b5 Kd8 44. c6 Re7 45. b6 Kc8 46. c7 Re8 47.
a5 Rf8 48. Rd1 Re8 49. Rd8+ Rxd8 50. cxd8=Q+ Kxd8 51. g4 Kd7 52. Kf2 Kc6 53.
Kg3 1-0

[Event "HZ Chess Tournament 2019"]
[Site "Vlissingen, Netherlands"]
[Date "2019.08.03"]
[Round "1.40"]
[White "Hagen, Tejo"]
[Black "Mityaev, Alexandr"]
[Result "0-1"]
[WhiteElo "1662"]
[BlackElo "2087"]
[PlyCount "84"]
[EventType "tourn"]
[EventCountry "NED"]

1. c4 e5 2. Nc3 Bb4 3. e3 Bxc3 4. bxc3 d6 5. Bd3 f5 6. Ne2 Ne7 7. O-O O-O 8.
Bc2 Be6 9. Bb3 c5 10. d4 Nd7 11. f3 Kh8 12. Bd2 g5 13. Ng3 Nf6 14. f4 gxf4 15.
exf4 e4 16. dxc5 dxc5 17. Be3 Qc7 18. Qe2 Ng4 19. Rad1 Rad8 20. h3 Nxe3 21.
Qxe3 b6 22. Ne2 Ng6 23. g3 Qf7 24. g4 fxg4 25. Rxd8 Rxd8 26. f5 Rf8 27. hxg4
Bc8 28. Ng3 Ne5 29. Qxe4 Re8 30. Qd5 Qg7 31. Bd1 Nxg4 32. Bxg4 Qxg4 33. Rf3 h5
34. Qf7 Rg8 35. Qf6+ Kh7 36. Qe7+ Rg7 37. Qe2 Bb7 38. Re3 Qxe2 39. Rxe2 Rxg3+
40. Kh2 Rg7 41. f6 Rf7 42. Re7 Kg6 0-1

[Event "HZ Chess Tournament 2019"]
[Site "Vlissingen, Netherlands"]
[Date "2019.08.03"]
[Round "1.41"]
[White "De Wolf, Johan"]
[Black "De Bock, Martin"]
[Result "1/2-1/2"]
[WhiteElo "2075"]
[BlackElo "1661"]
[PlyCount "42"]
[EventType "tourn"]
[EventCountry "NED"]

1. d4 d5 2. Nf3 Nf6 3. c4 c6 4. e3 a6 5. Bd3 dxc4 6. Bxc4 b5 7. Bb3 Bb7 8. O-O
e6 9. a4 Be7 10. Qe2 O-O 11. Rd1 Qc7 12. Bc2 Nbd7 13. e4 e5 14. Bg5 Rfe8 15.
Nbd2 exd4 16. Nxd4 h6 17. Bh4 Bd6 18. Bg3 Bxg3 19. hxg3 c5 20. Nf5 c4 21. Qe3
Ng4 1/2-1/2

[Event "HZ Chess Tournament 2019"]
[Site "Vlissingen, Netherlands"]
[Date "2019.08.03"]
[Round "1.42"]
[White "Jonkheer, Alex"]
[Black "Rosmuller, Anton"]
[Result "0-1"]
[WhiteElo "1660"]
[BlackElo "2073"]
[PlyCount "50"]
[EventType "tourn"]
[EventCountry "NED"]

1. d4 Nf6 2. Nf3 g6 3. Bg5 Bg7 4. Nbd2 h6 5. Bh4 d6 6. e4 g5 7. Bg3 Nh5 8. c3
Nd7 9. Bc4 e6 10. Qe2 Qe7 11. O-O Nxg3 12. fxg3 O-O 13. Ne1 c5 14. dxc5 Nxc5
15. Nd3 b6 16. Nxc5 bxc5 17. Rad1 Rb8 18. Bb3 a5 19. Nc4 Ba6 20. Rfe1 Rfd8 21.
Ba4 Qc7 22. Bc2 Rxb2 23. e5 Rxc2 24. Qxc2 Bxc4 25. Qa4 d5 0-1

[Event "HZ Chess Tournament 2019"]
[Site "Vlissingen, Netherlands"]
[Date "2019.08.03"]
[Round "1.43"]
[White "Krause, Thomas"]
[Black "Fritsche, Alan"]
[Result "1-0"]
[WhiteElo "2062"]
[BlackElo "1657"]
[PlyCount "91"]
[EventType "tourn"]
[EventCountry "NED"]

1. c4 e5 2. Nc3 Nc6 3. e3 g6 4. d4 exd4 5. exd4 Bg7 6. Nf3 d6 7. Be2 Nge7 8. d5
Ne5 9. Nd4 Nf5 10. Nxf5 Bxf5 11. f4 Nd7 12. O-O Nc5 13. Be3 O-O 14. Bd4 a5 15.
Bxg7 Kxg7 16. Qd4+ Kg8 17. Bf3 Qd7 18. Rfe1 Rfe8 19. Qd2 h5 20. Nb5 a4 21. Nd4
Be4 22. Bxe4 Nxe4 23. Qc2 f5 24. Ne6 c6 25. Qd3 b5 26. b3 bxc4 27. bxc4 Ra5 28.
Rad1 Rb8 29. Rxe4 fxe4 30. Qxe4 Qf7 31. dxc6 Re8 32. Rxd6 Ra7 33. Rd7 Rxe6 34.
Rxf7 Kxf7 35. Qd5 Rc7 36. f5 gxf5 37. Qxf5+ Ke7 38. Qg5+ Rf6 39. Qg7+ Rf7 40.
Qe5+ Kf8 41. Qd6+ Kg8 42. g3 Rce7 43. Qg6+ Kf8 44. Qxh5 Re1+ 45. Kg2 Ref1 46.
Qc5+ 1-0

[Event "HZ Chess Tournament 2019"]
[Site "Vlissingen, Netherlands"]
[Date "2019.08.03"]
[Round "1.44"]
[White "Brandstaetter, Mark Pieter"]
[Black "Van der Zalm, Marnix"]
[Result "0-1"]
[WhiteElo "1652"]
[BlackElo "2062"]
[PlyCount "104"]
[EventType "tourn"]
[EventCountry "NED"]

1. e4 d6 2. d4 Nf6 3. Nc3 g6 4. Be3 a6 5. a4 b6 6. f3 Nbd7 7. Bc4 Bb7 8. Qd2 e5
9. dxe5 Nxe5 10. Bb3 Bg7 11. Nge2 Qd7 12. O-O O-O 13. Rad1 b5 14. Nf4 Rad8 15.
Nd3 Nc4 16. Bxc4 bxc4 17. Nf4 Bc6 18. Qe2 Rb8 19. Qxc4 Rxb2 20. e5 Ne8 21. exd6
Nxd6 22. Qd3 Bxa4 23. Rd2 Bb5 24. Nxb5 Qxb5 25. Qxb5 Rxb5 26. Bd4 Nc4 27. Rd3
Ne5 28. Bxe5 Bxe5 29. Nd5 Kg7 30. Re1 Bd6 31. Nc3 Rb2 32. Ne4 Bb4 33. c3 Ba5
34. Ra1 Bb6+ 35. Kf1 f5 36. Rd2 Rxd2 37. Nxd2 Ra8 38. Nc4 a5 39. Rb1 Ra6 40.
Ra1 Kf6 41. Ke2 Ke6 42. Kd3 Kd5 43. Nxb6+ cxb6 44. c4+ Kc5 45. Kc3 a4 46. g3 a3
47. Ra2 b5 48. cxb5 Kxb5 49. Kb3 Re6 50. Kxa3 Ra6+ 51. Kb3 Rxa2 52. Kxa2 Kc4
0-1